|
|
|
|
| LEADER |
00000nam a2200000Ii 4500 |
| 001 |
DIGUCAUCA0017 |
| 003 |
NyNyDIG |
| 008 |
191129s2018 ck a ob 001 0 spa d |
| 006 |
m o d |
| 007 |
cr ||||||||||| |
| 035 |
|
|
|a (OCoLC)1132360034
|
| 040 |
|
|
|a DGITA
|b eng
|e rda
|e pn
|c DGITA
|
| 020 |
|
|
|z 9789587323405
|
| 020 |
|
|
|z 9587323408
|
| 050 |
1 |
4 |
|a LB2395.7 ebook
|
| 082 |
0 |
4 |
|a 378.1734
|
| 100 |
1 |
|
|a Fernandez Martinez, Antonio,
|d 1968-
|e author.
|
| 245 |
1 |
0 |
|a Gobierno de las tecnologias de la informacion (TI) en instituciones de educación superior :
|b caso Unicomfacauca /
|c Antonio Fernández Martínez, Alex Armando Torres Bermúdez
|
| 264 |
|
1 |
|a Popayán, Colombia :
|b Editorial Universidad del Cauca,
|c [2018]
|
| 300 |
|
|
|a 1 online resource :
|b illustrations.
|
| 336 |
|
|
|a text
|b txt
|2 rdacontent
|
| 337 |
|
|
|a computer
|b c
|2 rdamedia
|
| 338 |
|
|
|a online resource
|b cr
|2 rdacarrier
|
| 347 |
|
|
|a text file
|2 rdaft
|
| 347 |
|
|
|b PDF
|
| 504 |
|
|
|a Includes bibliographical references and index.
|
| 588 |
0 |
|
|a Online resource; title from PDF title page (Digitalia, viewed December 2, 2019)
|
| 650 |
|
0 |
|a Education, Higher
|x Effect of technological innovations on
|z Colombia.
|
| 610 |
2 |
0 |
|a Unicomfacauca (Firm)
|
| 650 |
|
0 |
|a Information technology
|z Colombia
|x Management.
|
| 650 |
|
0 |
|a Communication
|x Technological innovations.
|
| 650 |
|
0 |
|a Technological innovations
|x Economic aspects
|z Colombia.
|
| 650 |
|
0 |
|a Educational technology
|z Colombia
|x Management.
|
| 655 |
|
0 |
|a Electronic books.
|
| 700 |
1 |
|
|a Torres Bermúdez, Alex Armando,
|e author.
|
| 710 |
2 |
|
|a Unicomfacauca (Firm)
|
| 791 |
2 |
|
|a Digitalia (Firm),
|e distributor.
|
| 793 |
0 |
|
|g Digitalia eBook Collection:
|a Editorial Universidad del Cauca
|
| 856 |
4 |
0 |
|3 Digitalia Hispánica
|u https://www.digitaliapublishing.com/a/60633/
|
| 910 |
|
|
|a Premium collection: 2020
|